000 00745nam a2200277Ia 4500
001 AUWbook000026
003 BDCtgAUW
005 20260406154800.0
008 220908s9999 xx 000 0 eng d
020 _a0448424592
040 _aBDCtgAUW
_cBDCtgAUW
050 _aPR9199.3.M6
100 1 _aHalverson, Lydia (Illust.).
_92083
245 0 _aAnne of green gables.
260 _aNew York :
_bGrosset and Dunlap,
_c2001.
650 0 _aCanada
_xHistory
_y1867
_y1914.
_991112
650 0 _aCountry life.
650 0 _aEnglish literature.
650 0 _aFriendship.
650 0 _aOrphans.
650 0 _aPrince Edward Islands.
_92088
655 7 _aFiction.
_2lcgft
_973569
887 _a BRAC
_22982
942 _cBK
_07
_2lcc
945 _cBK
999 _c16367
_d16367
888 _22982